000 00850nam a2200277Ia 4500
003 OSt
005 20221006160609.0
006 a|||||r|||| 00| 0
007 ta
008 221006b |||||||| |||| 00| 0 eng d
020 _a9780415449274
_c£95.00
024 _a45,577
037 _b5744, 20/03/2015, Orange Books International
_cTextual
040 _aEASL
_cEASL
_beng
041 _2eng
_aeng
082 _aV41.K44, Q3
100 _aSwope Kenneth M.
_9674296
245 0 _aMilitary colllapse of China's ming dynasty, 1618-44
260 _aLondon
_bRoutledge
_c2013
300 _a308p.
_ccm.
490 _v CEL
_aAsian states and empires
650 _a CEL
650 _aChina - History
942 _hV41.K44, Q3
_cTEXL
_2CC
999 _c1113669
_d1113669